00665nam a2200169Ia 4500003000900000008004100009040001600050100002900066245015700095260004600252300000900298650001900307650002800326942000700354999001500361952011900376IN-BaIIA211028s9999 xx 000 0 eng d cIIA Library aPlettinger, Anne H96211 0aTable of SinQ(theta) and Sin2Q(theta) for values of Q(theta) from 2 degrees to 87 degreescAnne H. Plettinger  aNew YorkbGordon and Breach Sciencec1965 a45p. aNASA Thesaurus aTable-Mathematics96212 cBK c3507d3507 00104070aBANbBANcGENd1970-06-24g82.70l0o(083):51/ PLEp3906r2021-11-05v82.70w1970-06-24yBKGRs. 82.70